|
|
|
|
| LEADER |
00647nab a2200193 i 4500 |
| 001 |
acta34069 |
| 005 |
20231009104444.0 |
| 008 |
161017s1941 hu o 0|| hun d |
| 040 |
|
|
|a SZTE Egyetemi Kiadványok Repozitórium
|b hun
|
| 041 |
|
|
|a hun
|
| 100 |
1 |
|
|a Jeges Sándor
|
| 245 |
1 |
3 |
|a Az arany
|h [elektronikus dokumentum] :
|b tanítás a polgári isk. IV. o.-ban /
|c Jeges Sándor
|
| 260 |
|
|
|c 1941
|
| 300 |
|
|
|a 218-222
|
| 490 |
0 |
|
|a A cselekvés iskolája
|v 9
|
| 650 |
|
4 |
|a Társadalomtudományok
|
| 650 |
|
4 |
|a Oktatástudomány
|
| 695 |
|
|
|a Neveléstudomány
|
| 856 |
4 |
0 |
|u http://acta.bibl.u-szeged.hu/34069/1/cselekves_009_218-222.pdf
|z Dokumentum-elérés
|